00557nam a2200169 i 4500001000700000003000900007005001700016007000300033008004100036100002800077245004100105260004600146300002200192852003200214999001900246952012200265148042ES-MaACL20230906202409.0t|070214s1946 xxu r ||||1| eng d1 aSpring, Howard.910780510aAnd another thing / cHoward Spring. aNew York : bHarper and Brothers, c1946. a265 p. ; c21 cm. aES-MaACLjC-25554 bR.54192 c148042d148042 00104070aATENEOMbATENEOMcDEPO2d2008-01-17eSCl0oC-25554p1154497r2023-02-23 00:00:00w2023-02-23yMONOGRAFIA